| 000 | 00534nam a22002057a 4500 | ||
|---|---|---|---|
| 005 | 20191214142234.0 | ||
| 008 | 191210b xxu||||| |||| 00| 0 eng d | ||
| 020 |
_a9788189323578 _cRs 90 |
||
| 040 | _beng | ||
| 041 | _aBengali | ||
| 082 |
_a891.448 _bCHA |
||
| 100 | _aChakravarty, Abhijit | ||
| 245 |
_aRailgari _bBaspio rath theke metro _cAbhijit Chakravarty |
||
| 250 | _aRev ed | ||
| 260 |
_aKolkata _bPratikshan _c2018 |
||
| 300 |
_a96p _b19p |
||
| 650 |
_aRailways _vHistory and criticism |
||
| 850 | _aLCLIB | ||
| 942 | _cBK | ||
| 999 |
_c42516 _d92995 |
||